|
|
|
|
| LEADER |
00000nab a2200000 a 4500 |
| 001 |
vtls000898102 |
| 003 |
SK-MaSNL |
| 005 |
20260302174736.0 |
| 008 |
040720e19980121xo 0 slo |
| 035 |
|
|
|a KE7122
|
| 040 |
|
|
|a KEVKJB
|b slo
|c KEVKJB
|e AACR2
|
| 041 |
0 |
|
|a slo
|
| 044 |
|
|
|a xo
|c SK
|
| 080 |
|
|
|a 374.3
|2 1981
|
| 100 |
1 |
|
|a Čániová, Katarína
|4 aut
|9 268107
|
| 245 |
1 |
0 |
|a Summit prezidentov a viceprezidentov
|
| 610 |
2 |
7 |
|a Baťa Junior Achievement SR (Košice, Slovensko)
|2 KEVKJB
|9 885038
|
| 610 |
2 |
7 |
|a BJA
|2 KEVKJB
|9 885039
|
| 650 |
0 |
7 |
|a neziskové organizácie
|2 KEVKJB
|9 2670
|
| 650 |
0 |
7 |
|a aktivity spoločenské
|2 KEVKJB
|9 878177
|
| 650 |
0 |
7 |
|a informácie
|2 KEVKJB
|9 1285
|
| 651 |
|
7 |
|a Košice (Slovensko)
|2 KEVKJB
|9 18694
|
| 651 |
|
7 |
|a KE,
|2 KEVKJB
|9 877256
|
| 651 |
|
7 |
|a KE,
|2 KEVKJB
|9 877256
|
| 655 |
|
7 |
|a periodikum
|2 snkbucl
|9 29553
|
| 710 |
2 |
|
|a Baťa Junior Achievement SR
|4 aut
|9 29882
|
| 773 |
0 |
8 |
|t Košický večer
|g Roč. 9
|g Roč. 30, č.13, 21.1.1998, s. 3
|
| 852 |
|
|
|a ZVYKNI
|b KIS3GCP
|
| 999 |
|
|
|c 1404949
|d 1406879
|